000 01947cam a2200205 4500500
005 20260111144541.0
041 _afre
042 _adc
100 1 0 _aReid, Martine
_eauthor
245 0 0 _aL'histoire littéraire au prisme du « genre »
260 _c2016.
500 _a13
520 _aL'article remonte aux origines d'une vision de la littérature dont nous sommes encore aujourd'hui tributaires et qui intègre difficilement l'outil conceptuel du genre pour rendre compte des pratiques définissant le champ littéraire, de la critique des auteurs ou des représentations véhiculées par les personnages des œuvres littéraires eux-mêmes. Un certain nombre de facteurs permettent de comprendre l'histoire de cette résistance corrélée à la naissance et au développement de l'histoire littéraire du XIXe siècle. Construite à partir des positionnements de ces principaux auteurs – dont G. Lanson –, se développant dans le contexte de l'école républicaine et profondément marquée par certains de ses aprioris idéologiques – exclusion de la femme de la vie politique et de l'espace public –, l'histoire littéraire a, dès l'origine, minoré et minore encore le rôle des femmes ; elle les associe par tradition à des genres dans lesquels elles ne sont pas nécessairement représentées de manière significative tandis qu'elle ignore leur rôle dans d'autres. En constatant la perpétuation de cette minoration ou de ces exclusions, la contribution appelle les enseignants à un regard distancié sur les outils qu'ils utilisent dans leur enseignement et à une vigilance toujours nécessaire.
690 _achamp littéraire
690 _agenre
690 _ahistoire littéraire
690 _aLanson.
786 0 _nLe français aujourd'hui | 193 | 2 | 2016-07-01 | p. 25-32 | 0184-7732
856 4 1 _uhttps://shs.cairn.info/revue-le-francais-aujourd-hui-2016-2-page-25?lang=fr&redirect-ssocas=7080
999 _c1636173
_d1636173